000 00317nam a22001337a 4500
008 170612b xxu||||| |||| 00| 0 eng d
020 _a9781583226872
041 _aeng
080 _a324
100 _a19
101 _aSHP
245 _aWAS THE 2004 PRESIDENTIAL SECTION STOLEN
_cFREEMAN.S.F
942 _2udc
_cBK
999 _c16957
_d16957